<?xml version="1.0" encoding="UTF-8"?>
<record
    xmlns:xsi="http://www.w3.org/2001/XMLSchema-instance"
    xsi:schemaLocation="http://www.loc.gov/MARC21/slim http://www.loc.gov/standards/marcxml/schema/MARC21slim.xsd"
    xmlns="http://www.loc.gov/MARC21/slim">

  <leader>01722nam a22002297a 4500</leader>
  <controlfield tag="001">5681</controlfield>
  <controlfield tag="003">FISKH</controlfield>
  <controlfield tag="005">20250113115554.0</controlfield>
  <controlfield tag="008">250113b        cb ||||| |||| 00| 0 eng d</controlfield>
  <datafield tag="020" ind1=" " ind2=" ">
    <subfield code="a">9780199118809</subfield>
  </datafield>
  <datafield tag="040" ind1=" " ind2=" ">
    <subfield code="a">FISKH</subfield>
    <subfield code="b">eng</subfield>
    <subfield code="c">FISKH</subfield>
    <subfield code="d">FISKH</subfield>
  </datafield>
  <datafield tag="082" ind1=" " ind2=" ">
    <subfield code="a">910.9</subfield>
  </datafield>
  <datafield tag="100" ind1=" " ind2=" ">
    <subfield code="a">Pipe, Jim</subfield>
  </datafield>
  <datafield tag="245" ind1=" " ind2=" ">
    <subfield code="a">Great explorers :</subfield>
    <subfield code="b">Discovering the world /</subfield>
    <subfield code="c">by Jim Pipe</subfield>
  </datafield>
  <datafield tag="250" ind1=" " ind2=" ">
    <subfield code="a">First published 2008</subfield>
  </datafield>
  <datafield tag="260" ind1=" " ind2=" ">
    <subfield code="a">Oxford : </subfield>
    <subfield code="b">Oxford University Press ; </subfield>
    <subfield code="c">2008.</subfield>
  </datafield>
  <datafield tag="300" ind1=" " ind2=" ">
    <subfield code="a">128 pages : </subfield>
    <subfield code="b">color illustrations , maps ;</subfield>
    <subfield code="c">28 cm . </subfield>
  </datafield>
  <datafield tag="520" ind1=" " ind2=" ">
    <subfield code="a">Just as the unknown regions of the world seized the imagination of the great explorers, so the exploits of those explorers continue to fascinate readers today. The book captures all the thrill of exploration; its fears, dangers and hardships; encounters with hostile landscapes and peoples, andthe excitement of progress. All areas of the globe are covered and the journeys of explorers both famous and not so famous: Florence Baker in Egypt and Sudan; Mary Kingsley in West Africa; Lewis and Clark across the US; Franklin and Leary at the North Pole and Amundsen and Scott at the South. Thebook is arranged by region, and chronologically within that region. It captures the spirit of each age and explains how explorers, through reaching lands unknown to them, encountered peoples supporting advanced civilizations of their own. The final chapter examines the legacy of a region'sexploration, by explaining its political, economic and other consequences, whether they be the settlement of a continent or the creation of lasting national myths, as in Scott's doomed mission to Antarctica.</subfield>
  </datafield>
  <datafield tag="650" ind1=" " ind2=" ">
    <subfield code="a">explorers</subfield>
    <subfield code="v">non-fiction</subfield>
  </datafield>
  <datafield tag="942" ind1=" " ind2=" ">
    <subfield code="2">ddc</subfield>
    <subfield code="c">BK</subfield>
    <subfield code="n">0</subfield>
  </datafield>
  <datafield tag="999" ind1=" " ind2=" ">
    <subfield code="c">5681</subfield>
    <subfield code="d">5681</subfield>
  </datafield>
  <datafield tag="952" ind1=" " ind2=" ">
    <subfield code="0">0</subfield>
    <subfield code="1">0</subfield>
    <subfield code="2">ddc</subfield>
    <subfield code="4">0</subfield>
    <subfield code="7">0</subfield>
    <subfield code="8">NFIC</subfield>
    <subfield code="a">001</subfield>
    <subfield code="b">001</subfield>
    <subfield code="c">SNS</subfield>
    <subfield code="d">2025-01-13</subfield>
    <subfield code="l">0</subfield>
    <subfield code="o">PIP 910.9</subfield>
    <subfield code="p">FISSE01200</subfield>
    <subfield code="r">2025-01-13 11:55:51</subfield>
    <subfield code="w">2025-01-13</subfield>
    <subfield code="y">BK</subfield>
  </datafield>
</record>
